Ludwig Feuerbach y el fin de la filosofía clásica alemana / (Record no. 34363)
[ view plain ]
| 000 -CABECERA | |
|---|---|
| campo de control de longitud fija | 00733nam a2200157 a 4500 |
| 001 - NÚMERO DE CONTROL | |
| campo de control | 000034872 |
| 005 - FECHA Y HORA DE LA ÚLTIMA TRANSACCIÓN | |
| campo de control | 20240301185227.0 |
| 008 - DATOS DE LONGITUD FIJA--INFORMACIÓN GENERAL | |
| campo de control de longitud fija | 111021s1946 mc 000 0 spa d |
| 040 ## - FUENTE DE LA CATALOGACIÓN | |
| Centro catalogador/agencia de origen | DO-SdBNP |
| Lengua de catalogación | spa |
| Centro/agencia transcriptor | BNPHU |
| 049 ## - FONDOS LOCALES (OCLC) | |
| Fondos de biblioteca | BNPD |
| 100 1# - ENTRADA PRINCIPAL--NOMBRE DE PERSONA | |
| Nombre de persona | Engels, Friedrich, |
| Fechas asociadas al nombre | 1820-1895 |
| 9 (RLIN) | 60306 |
| 245 10 - MENCIÓN DE TÍTULO | |
| Título | Ludwig Feuerbach y el fin de la filosofía clásica alemana / |
| Mención de responsabilidad, etc. | Friedrich Engels. |
| 260 ## - PUBLICACIÓN, DISTRIBUCIÓN, ETC. | |
| Lugar de publicación, distribución, etc. | Moscú : |
| Nombre del editor, distribuidor, etc. | Ediciones en lenguas extrangeras, |
| Fecha de publicación, distribución, etc. | 1946. |
| 300 ## - DESCRIPCIÓN FÍSICA | |
| Extensión | 70 p. ; |
| Dimensiones | 21 cm. |
| 505 0# - NOTA DE CONTENIDO CON FORMATO | |
| Título | Ludwig Feuerbach y el fin de la filosofía clásica alemana / |
| Mención de responsabilidad | F. Engels -- |
| Título | Tesis sobre Feuerbach / |
| Mención de responsabilidad | K. Marx -- |
| Título | Fragmento del Feuerbach (1886) ; Materialismo y dialéctica de Marx F. Engels -- |
| -- | Carta a Ludwig Feuerbach (1844).deutschen Philosophie. |
| Estado de retiro | Estado de pérdida | Restricciones de uso | No para préstamo | Código de colección | Localización permanente | Ubicación/localización actual | Ubicación en estantería | Fecha de adquisición | Número de inventario | Total de préstamos | Signatura topográfica completa | Código de barras | Fecha visto por última vez | Precio válido a partir de | Tipo de ítem Koha | Nota pública |
|---|---|---|---|---|---|---|---|---|---|---|---|---|---|---|---|---|
| Excluido de préstamo | Raros y valiosos | General | General | En catalogación | 21.10.2011 | LF1 | 34872-10 | 25.06.2020 | 25.06.2020 | No se presta | Perteneció a la biblioteca personal de Juan Isidro Jimenes Grullón. |
